Statistics for Tallest Mountains by Country 2

Click here to take the quiz!

General Stats

  • This quiz has been taken 14 times
    (12 since last reset)
  • The average score is 2 of 10

Answer Stats

CountryMountain% Correct
TanzaniaKilimanjaro
83%
GermanyZugspitze
50%
IndonesiaPuncak Jaya
33%
SwedenKebnekaise
17%
IranMount Damavand
17%
South AfricaThabana Ntlenyana
8%
ChadEmi Koussi
0%
BrazilPico da Neblina
0%
CubaPico Real del Turquino
0%
MongoliaYouyi Feng
0%

Score Distribution

Percentile by Number Answered

Percent of People with Each Score

Your Score History

You have not taken this quiz since the last reset